<?xml version="1.0" encoding="UTF-8"?>
<record
    xmlns:xsi="http://www.w3.org/2001/XMLSchema-instance"
    xsi:schemaLocation="http://www.loc.gov/MARC21/slim http://www.loc.gov/standards/marcxml/schema/MARC21slim.xsd"
    xmlns="http://www.loc.gov/MARC21/slim">

  <leader>00337nam a2200145Ia 4500</leader>
  <controlfield tag="003">OSt</controlfield>
  <controlfield tag="008">191201s2009    xx            000 0 und d</controlfield>
  <datafield tag="082" ind1=" " ind2=" ">
    <subfield code="a">658.4022</subfield>
    <subfield code="b">CHT</subfield>
  </datafield>
  <datafield tag="100" ind1=" " ind2=" ">
    <subfield code="a">CHHABRA, T.N.</subfield>
  </datafield>
  <datafield tag="245" ind1=" " ind2="0">
    <subfield code="a">Team Building and Leadership</subfield>
  </datafield>
  <datafield tag="260" ind1=" " ind2=" ">
    <subfield code="a">New Delhi</subfield>
    <subfield code="b">Sun India</subfield>
    <subfield code="c">2009</subfield>
  </datafield>
  <datafield tag="300" ind1=" " ind2=" ">
    <subfield code="a">326+16</subfield>
  </datafield>
  <datafield tag="650" ind1=" " ind2=" ">
    <subfield code="a">BBA</subfield>
  </datafield>
  <datafield tag="942" ind1=" " ind2=" ">
    <subfield code="2">ddc</subfield>
    <subfield code="c">BK</subfield>
  </datafield>
  <datafield tag="999" ind1=" " ind2=" ">
    <subfield code="c">6598</subfield>
    <subfield code="d">6598</subfield>
  </datafield>
  <datafield tag="952" ind1=" " ind2=" ">
    <subfield code="0">0</subfield>
    <subfield code="1">0</subfield>
    <subfield code="2">ddc</subfield>
    <subfield code="4">0</subfield>
    <subfield code="7">0</subfield>
    <subfield code="8">BBA</subfield>
    <subfield code="a">PIET</subfield>
    <subfield code="b">PIET</subfield>
    <subfield code="d">2016-06-18</subfield>
    <subfield code="e">sun india</subfield>
    <subfield code="g">170.00</subfield>
    <subfield code="k">TCM/2016/10403</subfield>
    <subfield code="l">0</subfield>
    <subfield code="o">658.4022 CHT</subfield>
    <subfield code="p">28940</subfield>
    <subfield code="r">2019-12-04 00:00:00</subfield>
    <subfield code="v">122.44</subfield>
    <subfield code="w">2016-06-13</subfield>
    <subfield code="y">BK</subfield>
  </datafield>
  <datafield tag="952" ind1=" " ind2=" ">
    <subfield code="0">0</subfield>
    <subfield code="1">0</subfield>
    <subfield code="2">ddc</subfield>
    <subfield code="4">0</subfield>
    <subfield code="7">0</subfield>
    <subfield code="8">BBA</subfield>
    <subfield code="a">PIET</subfield>
    <subfield code="b">PIET</subfield>
    <subfield code="d">2016-06-18</subfield>
    <subfield code="e">sun india</subfield>
    <subfield code="g">170.00</subfield>
    <subfield code="k">TCM/2016/10403</subfield>
    <subfield code="l">0</subfield>
    <subfield code="o">658.4022 CHT</subfield>
    <subfield code="p">28941</subfield>
    <subfield code="r">2019-12-04 00:00:00</subfield>
    <subfield code="v">122.44</subfield>
    <subfield code="w">2016-06-13</subfield>
    <subfield code="y">BK</subfield>
  </datafield>
  <datafield tag="952" ind1=" " ind2=" ">
    <subfield code="0">0</subfield>
    <subfield code="1">0</subfield>
    <subfield code="2">ddc</subfield>
    <subfield code="4">0</subfield>
    <subfield code="7">0</subfield>
    <subfield code="8">BBA</subfield>
    <subfield code="a">PIET</subfield>
    <subfield code="b">PIET</subfield>
    <subfield code="d">2016-06-18</subfield>
    <subfield code="e">sun india</subfield>
    <subfield code="g">170.00</subfield>
    <subfield code="k">TCM/2016/10403</subfield>
    <subfield code="l">0</subfield>
    <subfield code="o">658.4022 CHT</subfield>
    <subfield code="p">28942</subfield>
    <subfield code="r">2019-12-04 00:00:00</subfield>
    <subfield code="v">122.44</subfield>
    <subfield code="w">2016-06-13</subfield>
    <subfield code="y">BK</subfield>
  </datafield>
  <datafield tag="952" ind1=" " ind2=" ">
    <subfield code="0">0</subfield>
    <subfield code="1">0</subfield>
    <subfield code="2">ddc</subfield>
    <subfield code="4">0</subfield>
    <subfield code="7">0</subfield>
    <subfield code="8">GENERAL</subfield>
    <subfield code="a">PIET</subfield>
    <subfield code="b">PIET</subfield>
    <subfield code="d">2016-06-18</subfield>
    <subfield code="e">sun india</subfield>
    <subfield code="g">170.00</subfield>
    <subfield code="k">TCM/2016/10403</subfield>
    <subfield code="l">0</subfield>
    <subfield code="o">658.4022 CHT</subfield>
    <subfield code="p">28943</subfield>
    <subfield code="r">2019-12-04 00:00:00</subfield>
    <subfield code="v">122.44</subfield>
    <subfield code="w">2016-06-13</subfield>
    <subfield code="y">BK</subfield>
    <subfield code="z">Motivational</subfield>
  </datafield>
</record>
